| 000 | 01011nam a2200241 u 4500 | ||
|---|---|---|---|
| 001 | 000381780 | ||
| 003 | AM-YeHGA | ||
| 005 | 20250617132129.0 | ||
| 008 | 041113s1978 ||||||||||||||||||||rus d | ||
| 040 | _aAM-YeHGA | ||
| 041 | 0 | _arus | |
| 245 | 0 | 0 |
_aВысокотемпературное ядерное топливо / _cР.Б. Котельников, С.Н. Башлыков, А.И. Каштанов, Т.С. Меньшикова. |
| 250 | _a2-е изд. | ||
| 260 |
_aМосква : _bАтомиздат, _c1978. |
||
| 300 |
_a432 с. : _bрис. 176, табл. 73. |
||
| 504 | _aСписок лит. 617 назв. | ||
| 650 | 1 | 4 | _aЯдерная техника. Ядерная (атомная) энергетика |
| 700 | 1 | _aКотельников, Рэд Борисович | |
| 700 | 1 | _aБашлыков, Сергей Николаевич | |
| 700 | 1 | _aКаштанов, Андрей Иванович | |
| 700 | 1 | _aМеньшикова, Татьяна Сергеевна | |
| 090 | _c147124 | ||
| 999 |
_c145739 _d145739 |
||